Т. 15, Ч. 1 : Всемирная литература; Энциклопедия для детей

Bibliographic Details
Parent link:Энциклопедия для детей/ гл. ред. М. Аксенова. Т. 15, Ч. 1 : Всемирная литература.— , 1993-.— 5-89501-001-6
Language:Russian
Published: 2001
Subjects:
Format: Book
KOHA link:https://koha.lib.tpu.ru/cgi-bin/koha/opac-detail.pl?biblionumber=27266

MARC

LEADER 00000nam2a2200000 4500
001 27266
005 20231101205801.0
010 |a 5848300224 
035 |a (RuTPU)RU\TPU\book\27515 
035 |a BOOK00027590 
090 |a 27266 
100 |a 20011209d2001 ekmy0rusy50 ca 
101 0 |a rus 
102 |a RU 
105 |a a f 000ay 
200 0 |a Т. 15, Ч. 1 : Всемирная литература 
210 |d 2001 
215 |a 672 с.  |c ил. 
461 1 |0 (RuTPU)RU\TPU\book\15787  |y 5-89501-001-6  |t Энциклопедия для детей  |f гл. ред. М. Аксенова  |v Т. 15, Ч. 1 : Всемирная литература  |d 1993-  
606 1 |a Энциклопедии  |2 stltpush  |3 (RuTPU)RU\TPU\subj\21381  |9 46387 
610 1 |a литература 
610 1 |a литературоведение 
675 |a 8(03)  |v 3 
686 |a Я20  |2 rubbk 
801 0 |a RU  |b 63413507  |c 20011209  |g PSBO 
801 2 |a RU  |b 63413507  |c 20190821  |g RCR 
942 |c BK